LEADER 01309nam a2200301 i 4500 001 000000208115 003 CaOOAMICUS 005 20111114000000.0 008 111114s2011 it u000 u ita u 013 $a186898 020 $a978-88-348-1593-9 040 $aSeMil$bita 100 1 $aGomarasca, Paolo <1970- >.$0(OLS)http://semarc/name/42896 245 10$aComunita e partecipazione :$bl'idea di democrazia in Pier Luigi Zampetti /$cPaolo Gomarasca. 260 $aTorino :$bGiappichelli,$c2011. 300 $a222 p. ;$c23 cm. 490 0 $aRecta ratio. 6. serie ;$v105 500 $aDono del card. Dionigi Tettamanzi. 650 4$aZampetti, Pier Luigi - Società e stato.$0(OLS)http://semarc/subject/20424 650 4$aDemocrazia - Teorie.$0(OLS)http://semarc/subject/14018 830 0$aRecta ratio. 6. serie ;$v105.$0(OLS)http://semarc/title/34733 850 $aSeMil 852 $aSeMil$W1$xVenegono$y1$m3L IV 36$j158573$B158573$CSeMilBibl$Z2$F171653 $81 941 1 $a5 961 $aOmaggio: Tettamanzi Card. Dionigi 996 $6020$a978-88-348-1593-9$9(OLS)http://semarc/number/202516 996 $6245$aComunita e partecipazione :$bl'idea di democrazia in Pier Luigi Zampetti$9(OLS)http://semarc/title/300975 996 $6260$aTorino :$bGiappichelli$9(OLS)http://semarc/publisher/31793 LEADER 01552nam a2200301 i 4500 001 000000100639 003 CaOOAMICUS 005 20171003000000.0 008 171003s2008 it u000 u ita u 013 $a72791 020 $a978-88-17-02058-9 040 $aSeMil$bita 100 1 $aPinotti, Ferruccio,$d<1959- >.$0(OLS)http://semarc/name/92697 245 10$aOlocausto bianco :$b[pedofilia, nuovo cancro sociale, lobby potente che divora i nostri bambini, in famiglia, nella chiesa, nella società, una inchiesta a 360 gradi] /$cFerruccio Pinotti ; [In collaborazione con Carlotta Zavattiero]. 260 $aMilano :$bBUR,$c2008. 300 $a496 p. ;$c20 cm. 490 0 $aBUR. Futuropassato 500 $aContiene : Appendice ; Bibliografia. 650 4$aViolenza sessuale - Infanzia.$0(OLS)http://semarc/subject/18429 650 4$aPedofilia.$0(OLS)http://semarc/subject/31485 700 1 $aZavattiero, Carlotta <1973- >.$0(OLS)http://semarc/name/92698 830 0$aBUR Rizzoli. Futuropassato.$0(OLS)http://semarc/title/25119 850 $aSeMil 852 $aSeMil$W1$xVenegono$y1$m3N II 699$j57707$B57707$CSeMilBibl$Z2$F68150 $81 961 $aOmaggio: Perego don Stefano 996 $6020$a978-88-17-02058-9$9(OLS)http://semarc/number/272526 996 $6245$aOlocausto bianco :$b[pedofilia, nuovo cancro sociale, lobby potente che divora i nostri bambini, in famiglia, nella chiesa, nella società, una inchiesta a 360 gradi]$9(OLS)http://semarc/title/406723 996 $6260$aMilano :$bBUR$9(OLS)http://semarc/publisher/31429